IMDG Code : International Maritime Dangerous Goods Code- Suppliment / (Record no. 32)

000 -LEADER
fixed length control field 00598nam a2200169Ia 4500
008 - FIXED-LENGTH DATA ELEMENTS--GENERAL INFORMATION
fixed length control field 190719s9999||||xx |||||||||||||| ||und||
020 ## - INTERNATIONAL STANDARD BOOK NUMBER
International Standard Book Number 9789280115987
Terms of availability £ 60.00
040 ## - CATALOGING SOURCE
Original cataloging agency IMU Kochi
082 04 - DEWEY DECIMAL CLASSIFICATION NUMBER
Classification number 343.09322
Item number In821 S
110 ## - MAIN ENTRY--CORPORATE NAME
Corporate name or jurisdiction name as entry element International Maritime Organization
245 #0 - TITLE STATEMENT
Title IMDG Code : International Maritime Dangerous Goods Code- Suppliment /
Statement of responsibility, etc. International Maritime Organization
250 ## - EDITION STATEMENT
Edition statement 2014 ed.
260 ## - PUBLICATION, DISTRIBUTION, ETC.
Place of publication, distribution, etc. London :
Name of publisher, distributor, etc. International Maritime Organization ,
Date of publication, distribution, etc. 2014
300 ## - PHYSICAL DESCRIPTION
Extent v, 455 p.
Other physical details : ill.
Dimensions ; 30 cm.
650 ## - SUBJECT ADDED ENTRY--TOPICAL TERM
Topical term or geographic name entry element Hazardous substances
General subdivision Transportation
942 ## - ADDED ENTRY ELEMENTS (KOHA)
Source of classification or shelving scheme
Koha item type Books
Holdings
Withdrawn status Lost status Damaged status Not for loan Collection code Permanent Location Current Location Shelving location Date acquired Source of acquisition Cost, normal purchase price Total Checkouts Full call number Barcode Date last seen Date last checked out Price effective from Koha item type Public note Source of classification or shelving scheme
        IMO Collection IMU Kochi Library IMU Kochi Library Reference 2017-05-18 C & C Marine Combine 4573.00 1 343.09322 In821 S BK004180 2023-03-23 2023-03-23 2019-07-19 Books Shelf-3, Row-1  
        IMO Collection IMU Kochi Library IMU Kochi Library Reference 2017-03-30 Excel Books Pvt. Ltd. 4892.00 3 343.09322 In821 S BK004541 2023-11-03 2023-11-03 2019-07-19 Books Shelf-3, Row-1  
        IMO Collection IMU Kochi Library IMU Kochi Library Reference 2015-12-15 M/s Sterling Book House (Inv. No.2416/1516/Inv. dt. 2016-01-25) 6336.00 3 343.09322 In821 S BK001288 2023-02-06 2023-02-06 2020-01-09 Books Shelf-3, Row-1  


Copyright © All Rights Reserved by Indian Maritime University, Kochi Campus.
For any Suggestions/Query Contact to library or Email: library.kochi@imu.ac.in Ph:(0484)-2989402
(Web OPAC Designed by Rudra Ranjan. Maintained by IMU Kochi Library)

Powered by Koha